| 000 | 00888nam a2200217Ia 4500 | ||
|---|---|---|---|
| 001 | 12916 | ||
| 003 | GE_BSU | ||
| 008 | 181216s||||||||xx |||||||||||||| ||und|| | ||
| 040 | _cGE_BSU | ||
| 080 | _a634.9+581.7 | ||
| 100 | _aБарская,Е.И. | ||
| 245 | _aИзменения хлоропластов и вызревание побегов в связи с морозоустойчивостью древесных растении | ||
| 245 | _cОтв.ред.П.А.Генкель.Ред.Г.В.Красильникова | ||
| 260 | _aМосква | ||
| 260 | _bНаука | ||
| 260 | _c1967 | ||
| 300 | _a224стр.илл.20см. | ||
| 300 | _cБиблиогр.с.197-223 | ||
| 653 | _aИзменения хлоропластов и вызревание побегов в связи с морозоустойчивостью древесных растении | ||
| 942 | _cBK | ||
| 999 |
_c46086 _d46086 |
||